00466 a2200181 450000100060000002000180000604000220002410000310004624000230007724500180010030000080011836200090012644000120013565000240014794200070017195200890017899900170026758804 a9788516055028 cAnchieta - Pituba aApolinário, Maria Raquel10aHistória, 8lpor10aHistória, 8 a2560 a2007 1aModerna 4aHistória do mundo cBK 00104070a91.1b91.1d2023-11-21l0p9599/PITr2023-11-21 18:26:41w2023-11-21yBK c58804d58804